|
|
|
|
| LEADER |
00000nam a2200000 a 4500 |
| 001 |
vtls001270188 |
| 003 |
SK-MaSNL |
| 005 |
20260416164835.0 |
| 008 |
240318s1989 xx 0 und |
| 020 |
|
|
|a 8004238459
|
| 035 |
|
|
|a SNK000221262
|
| 040 |
|
|
|a SNK
|b slo
|c SNK
|e AACR2
|
| 100 |
1 |
|
|a Kulič, Václav
|4 aut
|9 281139
|
| 245 |
1 |
0 |
|a Člověk - učení - automat
|
| 260 |
|
|
|a Praha
|b Státní pedagogické nakladatelství
|c 1989
|
| 300 |
|
|
|a 290 s.
|
| 919 |
|
|
|a 80-04-23845-9
|
| 958 |
|
|
|a OND
|
| 999 |
|
|
|c 606513
|d 608443
|
| 952 |
|
|
|t P60, <04>, [BOOK], {604}
|a SNK
|b SNK
|y VYP
|7 0
|p 17A0027086
|o snkID 89148 D1
|0 0
|1 1
|4 0
|d 1996-12-16
|l 0
|r 2005-01-01 00:00:00
|w 2026-02-23
|